000 00454nam a2200145 a 4500
001 000035486
005 20200930074358.0
008 111102s1971 mx 000 0 spa d
040 _aDO-SdBNP
_bspa
_cBNPHU
082 _axxxxx
100 1 _aSaavedra M., Alfredo M.
_961364
245 1 3 _aLo sexual en la expresión :
_bvocabulario Soxológico /
_cAlfredo M. Saavedra M.
260 _aMéxico, D. F. :
_bLibros de México,
_c1971.
300 _a145 p. ;
_c23 cm.
999 _c34977
_d34977